Finančné aspekty elektromobility a dosahy na tradičné produkty automobilového priemyslu diplomová práca

Guardado en:
Detalles Bibliográficos
Autor principal: Lauková, Nikoleta
Autor Corporativo: Fakulta podnikového manažmentu EU. Katedra podnikových financií
Otros Autores: Markovič, Peter, 1974-
Formato: Libro
Lenguaje:eslovaco
Publicado: Bratislava 2021
Etiquetas: Agregar Etiqueta
Sin Etiquetas, Sea el primero en etiquetar este registro!

MARC

LEADER 00000nbm a2200000 4500
001 0275864
005 20211129123548.5
041 0 |a slo 
044 |a SK 
245 1 0 |a Finančné aspekty elektromobility a dosahy na tradičné produkty automobilového priemyslu  |b diplomová práca  |c Nikoleta Lauková ; školiteľ: Peter Markovič 
264 1 |a Bratislava  |c 2021 
300 |a 67 s. 
100 1 |a Lauková, Nikoleta 
700 1 |a Markovič, Peter, 1974- 
710 2 |a Fakulta podnikového manažmentu EU. Katedra podnikových financií